| 000 | 00775nam a22001577a 4500 | ||
|---|---|---|---|
| 003 | OSt | ||
| 005 | 20160210091614.0 | ||
| 008 | 160210b xxu||||| |||| 00| 0 eng d | ||
| 040 | _cRUA | ||
| 082 | _aMGR SIE 2004 B378 Or.1 | ||
| 100 |
_97005 _aSIENG DARONG; សៀង ដារង្គ |
||
| 245 | _aStudy on forest management plan in cham kar preysne community forestry in chres commune chhnang province, ការសិក្សាពីផែនការគ្រប់គ្រងព្រៃសហគមន៍ចំការព្រៃស្នេហ៍ ឃុំច្រេស ស្រុកកំពង់ត្រឡាច ខេត្តកំពង់ឆ្នំាង | ||
| 260 |
_aPhnom Penh _bRUA _c2004 |
||
| 300 |
_ax ;65p. _bill. _c29cm. |
||
| 942 |
_2ddc _cNRM |
||
| 999 |
_c6594 _d6594 |
||